| 000 | 01102nac a22002531u 4500 | ||
|---|---|---|---|
| 010 | _a 2001045283 | ||
| 020 | _a0393976777 | ||
| 082 | 0 | 0 |
_a338.5024658 _bM2871 |
| 090 |
_c4249 _d4249 |
||
| 100 | _aMansfield, Edwin. | ||
| 245 | 0 | 0 |
_aManagerial economics : _btheory, applications, and cases / _cEdwin Mansfield ... [et al.]. |
| 250 | _a5th ed. | ||
| 260 |
_aNew York : _bW.W. Norton, _cc2002. |
||
| 300 |
_a1 v. (various pagings) : _bcol. ill. ; _c25 cm. |
||
| 500 | _aAfter original author's death, a group of editors published the 5th ed. | ||
| 500 | _aAccompanied by: Study guide and casebook for Managerial economics, fifth edition / by Edwin Mansfield, Thomas D. Donley. v, 314 p. : ill. ; 26 cm. | ||
| 504 | _aIncludes bibliographical references and index. | ||
| 650 | 0 | _aManagerial economics. | |
| 700 | 1 | _aAllen, w.Bruce. | |
| 700 | 1 | _aDoherty, Neil A. | |
| 700 | 1 | _aWeigelt, Keith. | |
| 942 |
_cBB _k338.5024658M2871 |
||
| 999 |
_c4249 _d4249 |
||